| 000 | 01823nam a2200253Ia 4500 | ||
|---|---|---|---|
| 008 | 260220t1967||||xx |||||||||||||| ||spa|| | ||
| 040 |
_aPY-SlUNAC _bspa _erda |
||
| 041 | _aspa | ||
| 082 |
_a510 _bR614f |
||
| 100 |
_aRodeja García, Eduardo _eAutor |
||
| 245 | 0 |
_aFoco matemáticos : _bprimer curso / _cpor Eduardo Rodeja García [Autor] |
|
| 250 | _aSegunda edición | ||
| 264 |
_aBarcelona : _bEditorial Vicens Vives, _c℗1967. |
||
| 300 | _a1 volumen | ||
| 520 | _a"Foco matemáticos: primer curso" de Eduardo Rodeja García es un texto educativo diseñado para introducir a los estudiantes en los conceptos fundamentales de las matemáticas. A través de una estructura clara y progresiva, el autor aborda temas esenciales como aritmética, geometría, álgebra y análisis, promoviendo una comprensión profunda de cada área. El libro combina teoría con ejercicios prácticos, lo que permite a los alumnos aplicar lo aprendido de manera activa. Además, se incluyen ejemplos contextualizados que facilitan la conexión entre los conceptos matemáticos y su utilidad en la vida cotidiana. Rodeja García enfatiza la importancia del razonamiento lógico y la resolución de problemas, elementos clave en el aprendizaje matemático. Con un enfoque accesible y didáctico, "Foco matemáticos" se convierte en una herramienta valiosa para docentes y estudiantes, fomentando un aprendizaje significativo y duradero en el ámbito de las matemáticas. Esta obra ha sido fundamental en la educación matemática en España desde su publicación en 1967. | ||
| 653 | _aEducación | ||
| 653 | _aFormación académica | ||
| 653 | _aMatemáticas | ||
| 942 |
_b2026/02/17 _cBK |
||
| 999 |
_c7324 _d7324 |
||